000 00871nam a2200229 i 4500
001 87322
003 ES-MaACL
005 20230906175639.0
007 t|
008 041221s1965 sp ||||1| spa d
100 1 _aKraus, Edward Henry.
_968748
245 1 0 _aMineralogía
_b: una introducción al estudio de minerales y cristales /
_cEdward Henry Kraus, Walter Fred Hunt, Lewis Stephen Ramsdell ; traducido por Agustín Navarro Alvargonzález ; revisión de José Huidobro Gascón.
250 _a[5ª ed.].
260 _aMadrid :
_bDel Castillo,
_c1965.
300 _aIX, 665 p. :
_bil. ;
_c24 cm.
650 0 4 _aMineralogía.
_915053
700 1 _aHunt, Walter Fred.
_964742
700 1 _aRamsdell, Lewis Stephen.
_995374
700 1 _aNavarro Alvargonzález, Agustín.
_985094
700 1 _aHuidobro Gascón, José.
_964674
852 _aES-MaACL
_jA-5987
_bR.95002
999 _c87322
_d87322